Бриллиантовой маятник: роман

Dettagli Bibliografici
Autore principale: Ракитин А. Алексей
Altri autori: Ракитина О. Ольга
Riassunto:На главном проспекте столицы Российской империи зверски убита девушка. Государь поставлен об этом в известность через несколько часов, во время полуденного доклада. «Желал бы видеть это убийство раскрытым в кратчайшие сроки!» — таково повеление. И замелькали полицейские чины по Невскому, Знаменской, Итальянской, Болотной... Запестрели петербургские газеты страшными заголовками. Приступил к выяснению истины мэтр русской адвокатуры Карабчевский. Его помощник Шумилов не брезгует спуститься в самые жуткие городские низы — трактиры на Лиговке, и устраивает стрельбу среди бела дня... Все они ищут. Одни — убийцу, другие — средство быстро и без затей выполнить высочайшее повеление. Все события происходили на самом деле в Санкт-Петербурге в 1883 году.
Lingua:russo
Pubblicazione: СПб., Крылов, 2006
Serie:Черный ангел
Soggetti:
Natura: MixedMaterials Libro
KOHA link:https://koha.lib.tpu.ru/cgi-bin/koha/opac-detail.pl?biblionumber=114076

MARC

LEADER 00000nam0a2200000 4500
001 114076
005 20231031122137.0
010 |a 5971701479 
035 |a (RuTPU)RU\TPU\book\123366 
090 |a 114076 
100 |a 20070419d2006 m y0rusy50 ca 
101 0 |a rus 
102 |a RU 
105 |a y z 000ay 
200 1 |a Бриллиантовой маятник  |e роман  |f А. Ракитин, О. Ракитина 
210 |a СПб.  |c Крылов  |d 2006 
215 |a 318 с. 
225 1 |a Черный ангел 
330 |a На главном проспекте столицы Российской империи зверски убита девушка. Государь поставлен об этом в известность через несколько часов, во время полуденного доклада. «Желал бы видеть это убийство раскрытым в кратчайшие сроки!» — таково повеление. И замелькали полицейские чины по Невскому, Знаменской, Итальянской, Болотной... Запестрели петербургские газеты страшными заголовками. Приступил к выяснению истины мэтр русской адвокатуры Карабчевский. Его помощник Шумилов не брезгует спуститься в самые жуткие городские низы — трактиры на Лиговке, и устраивает стрельбу среди бела дня... Все они ищут. Одни — убийцу, другие — средство быстро и без затей выполнить высочайшее повеление. Все события происходили на самом деле в Санкт-Петербурге в 1883 году. 
610 1 |a русская литература 
610 1 |a детективы 
610 1 |a романы 
675 |a Р2  |v 3 
700 1 |a Ракитин  |b А.  |g Алексей 
701 1 |a Ракитина  |b О.  |g Ольга 
801 1 |a RU  |b 63413507  |c 20070419  |g PSBO 
801 2 |a RU  |b 63413507  |c 20070424  |g PSBO 
942 |c BK